Itineraris : Guardiola de Berguedà : municipi Guardiola de Berguedà :
Descripción Física:
[6] p. : il. col., fot. ; 21 cm
MARC
| LEADER | 00000nam a2200000Ia 4500 | ||
|---|---|---|---|
| 001 | 18409 | ||
| 008 | 160829s9999 xx 000 0 cat d | ||
| 080 | |a FU-1-62 | ||
| 245 | |a Itineraris : |b Guardiola de Berguedà : |b municipi | ||
| 260 | |a [Barcelona] : |b Diputació de Barcelona, DL 2000 | ||
| 300 | |a [6] p. : |b il. col., fot. ; |c 21 cm | ||
| 590 | |a A la portada: Ajuntament de Guardiola de Berguedà ; Turisme Total. | ||
| 590 | |a Inclou mapa de la zona | ||
| 650 | |a Guardiola de Berguedà |x Guies |9 35286 | ||
| 650 | |a Guardiola de Berguedà |x Circuits turístics |9 35287 | ||
| 710 | 1 | |a Guardiola de Berguedà (Catalunya). |b Ajuntament |9 52727 | |
| 710 | 1 | |a Barcelona (Catalunya : Província). |b Diputació |9 52408 | |
| 901 | |a Arxiu | ||
| 942 | |n 1 | ||
| 952 | |0 0 |1 0 |4 0 |6 FU162 |7 1 |9 46844 |a Arxiu |b Arxiu |d 2016-12-01 |l 0 |o FU-1-62 |p 18409 |r 2016-12-01 00:00:00 |w 2016-12-01 |y ARXIU | ||
| 999 | |c 50637 |d 50637 | ||